000 00481nam a2200181Ia 4500
001 3220
005 20260306144905.0
008 260306t1996||||xx |||||||||||||| ||spa||
041 _aESP
082 _a262.52
_bC76D
100 _aConferencia Episcopal Española
_eAUT
245 0 _aConcilio Ecuménico Vaticano II:
_bconstituciones. Decretos. Declaraciones
260 _c1996
300 _a877 páginas :
_c17 cm.
650 _aGEN
654 _aCHU
942 _cLIB
_dJUS
_fJUS
_2ddc
_n
999 _c3220
_d3220